All Zelda Games (All of them) - Statistics

General Stats
  • This quiz has been taken 237 times
    70 since last reset
  • The average score is 24 of 49
Answer Stats
Hint Answer % Correct
NES The Legend of Zelda
96%
Wii U/Switch The Legend of Zelda: Breath of the Wild
87%
N64 The Legend of Zelda: Ocarina of Time
87%
N64 The Legend of Zelda: Majoras Mask
84%
Switch The Legend of Zelda: Tears of the Kingdom
84%
GCN/Wii The Legend of Zelda: Twilight Princess
84%
Wii The Legend of Zelda: Skyward Sword
82%
GCN The Legend of Zelda: The Wind Waker
82%
SNES The Legend of Zelda: A Link to the Past
80%
DS The Legend of Zelda: Spirit Tracks
80%
Wii U Hyrule Warriors
78%
DS The Legend of Zelda: Phantom Hourglass
78%
NES Zelda II: The Adventure of Link
78%
GB The Legend of Zelda: Link's Awakening
73%
Switch The Legend of Zelda: Link's Awakening
73%
3DS The Legend of Zelda: A Link Between Worlds
71%
GBA The Legend of Zelda: A Link to the Past and Four Swords
71%
GBA The Legend of Zelda: The Minish Cap
69%
Switch Hyrule Warriors: Age of Calamity
67%
GBC The Legend of Zelda: Oracle of Seasons
62%
GBC The Legend of Zelda: Oracle of Ages
60%
Switch The Legend of Zelda: Echoes of Wisdom
56%
3DS The Legend of Zelda: Tri Force Heroes
56%
Wii Link's Crossbow Training
53%
3DS The Legend of Zelda: Ocarina of Time 3D
53%
Switch 2 Hyrule Warriors: Age of Imprisonment
49%
CD-i Zelda: The Wand of Gamelon
49%
3DS The Legend of Zelda: Majora's Mask 3D
47%
GCN/GBA The Legend of Zelda: Four Swords Adventures
44%
Wii U The Legend of Zelda: Twilight Princess HD
44%
Wii U The Legend of Zelda: Wind Waker HD
44%
Switch The Legend of Zelda: Skyward Sword HD
40%
CD-i Link: The Faces of Evil
33%
CD-i Zelda's Adventure
24%
GBC The Legend of Zelda: Link's Awakening DX
22%
Game&Watch Game&Watch: The Legend of Zelda
18%
Game&Watch Game&Watch: Zelda
18%
Switch Cadence of Hyrule
16%
Switch Hyrule Warriors: Definitive Edition
16%
3DS Hyrule Warriors: Legends
13%
DS Tingle's Balloon Fight
11%
DS Freshly-Picked Tingle's Rosy Rupeeland
9%
Game Watch The Legend of Zelda: Game Watch
9%
Satelliview BS Legend of Zelda
7%
DSi Four Swords: Anniversary Edition
7%
Wii/3DS My Nintendo Picross: The Legend of Zelda: Twilight Princess
7%
Barcode Battler II A Link to the Past Barcode Battler II
4%
Satelliview BS Legend of Zelda: Ancient Stone Tablets
4%
DS Ripened Tingle's Balloon Trip of Love
4%
No matching quizzes found
Score Distribution
Percent of People with Each Score
Percentile by Number Answered
Your Score History
You have not taken this quiz since the last reset